000
00193 a2200097 4500
020
_a
0140366733
041
_a
eng
100
_a
Twain, Mark
245
_a
The adventures of Tom Sawyer
942
_c
BK
999
_c
6472
_d
6472